000 00752nam a2200229Ia 4500
001 8484
003 GE_BSU
008 181216s||||||||xx |||||||||||||| ||und||
040 _cGE_BSU
080 _a821.353.1-1
100 _aზანგურაშვილი,მიხეილ.
245 _aოცნების ლაჟვარდები.
245 _bლექსები.
245 _cრედ:ქ.თავაძე;მხატვ;გ.გიგაური.
260 _aთბილისი.
260 _bსაბჭ.საქართველო
260 _c1967.
300 _a78გვ;16სმ.
653 _aლექსები
653 _aოცნების ლაჟვარდები.
942 _cBK
999 _c41801
_d41801